Witamy w Bibliotece Naukowej Instytutu Łączności!

Konstruirovanie radioèlektronnoj apparatury na osnove integralʹnyh shem / (Rekord nr 9353)

000 -LEADER
fixed length control field 01086cam a2200253 i 4500
001 - CONTROL NUMBER
control field vtls003952828
003 - CONTROL NUMBER IDENTIFIER
control field NUKAT
005 - DATE AND TIME OF LATEST TRANSACTION
control field 20190822111727.0
008 - FIXED-LENGTH DATA ELEMENTS--GENERAL INFORMATION
fixed length control field 170310s1974 ru a f |000 0 rusoc
035 ## - SYSTEM CONTROL NUMBER
System control number xx003952828
039 #9 - LEVEL OF BIBLIOGRAPHIC CONTROL AND CODING DETAIL [OBSOLETE]
Level of rules in bibliographic description 201708300007
Level of effort used to assign nonsubject heading access points AUTHORITY
Level of effort used to assign subject headings 201703150844
Level of effort used to assign classification vpw
Level of effort used to assign subject headings 201703140117
Level of effort used to assign classification VLOAD
Level of effort used to assign subject headings 201703131442
Level of effort used to assign classification qbk
040 ## - CATALOGING SOURCE
Original cataloging agency WA 72/OMK
Transcribing agency WA 72/OMK
Modifying agency WA 72/OMW
100 1# - MAIN ENTRY--PERSONAL NAME
Personal name Lebedev, Oleg Timofeevič.
245 10 - TITLE STATEMENT
Title Konstruirovanie radioèlektronnoj apparatury na osnove integralʹnyh shem /
Statement of responsibility, etc O. T. Lebedev, M. A. Ogibin ; Ministerstvo vysšego i srednego specialʹnogo obrazovaniâ RSFSR.
260 ## - PUBLICATION, DISTRIBUTION, ETC. (IMPRINT)
Place of publication, distribution, etc Leningrad :
Name of publisher, distributor, etc Izdatelʹstvo Leningradskogo Gosudarstvennogo Universiteta,
Date of publication, distribution, etc 1974.
300 ## - PHYSICAL DESCRIPTION
Extent 272 s. :
Other physical details il. ;
Dimensions 22 cm.
336 ## - TYP ZAWARTOŚCI
Typ zawartosci rdacontent
-- Tekst
-- txt
337 ## - TYP MEDIUM
Typ medium rdamedia
-- Bez urządzenia pośredniczącego
-- n
338 ## - TYP NOŚNIKA
Typ nosnika rdacarrier
-- Wolumin
-- nc
504 ## - BIBLIOGRAPHY, ETC. NOTE
Bibliography, etc Bibliogr. s. 268-271.
700 1# - ADDED ENTRY--PERSONAL NAME
Personal name Ogibin, Mihail Alekseevič.
710 2# - ADDED ENTRY--CORPORATE NAME
Corporate name or jurisdiction name as entry element Leningradskij gosudarstvennyj universitet imeni A. A. Ždanova.
Subordinate unit Izdatelʹstvo.
Relator code pbl
942 ## - ADDED ENTRY ELEMENTS (KOHA)
Source of classification or shelving scheme
Koha item type Książki

Brak dostępnych egzemplarzy.

Działa dzięki Koha